| 000 | 00574nam a2200169Ia 4500 | ||
|---|---|---|---|
| 005 | 20250326144133.0 | ||
| 008 | 250326s9999 xx 000 0 und d | ||
| 037 | _aTextbook | ||
| 040 |
_aFMSL _beng _cFMSL |
||
| 041 |
_aeng _2eng |
||
| 084 |
_aX:9p251 J7 _qFMSL |
||
| 245 | 0 | _aDecisions/conclusions of tripartite conferences/committees regarding implementation of labour awards, code of discipline etc. | |
| 260 |
_aNew Delhi _bNew Delhi, Ministry Of Labour And Employment _c1957 |
||
| 300 | _a74p | ||
| 942 |
_cTB _hX:9p251 J7 |
||
| 999 |
_c1302514 _d1302514 |
||